| 000 | 00566nam a2200217Ia 4500 | ||
|---|---|---|---|
| 005 | 20260115172744.0 | ||
| 008 | 008 260114s9999 xx 000 0 eng d | ||
| 020 | _a9781447338963 | ||
| 037 | _aEBOOK | ||
| 040 |
_aCRL _beng _cCRL |
||
| 041 |
_aeng _2eng |
||
| 084 | _qCRL | ||
| 100 |
_aBakir/Ertan _9878358 |
||
| 245 | 0 | _aPolicy Analysis in Turkey | |
| 260 | _bBristol University Press | ||
| 260 | _bCambridge University Press | ||
| 260 | _c2022 | ||
| 856 | _uhttps://doi.org/10.46692/9781447338963 | ||
| 942 | _cEBOOK | ||
| 999 |
_c1476963 _d1476963 |
||